Detalles MARC
| 000 -LEADER |
| fixed length control field |
01269cam a2200337 i 4500 |
| 001 - CONTROL NUMBER |
| control field |
25073 |
| 003 - CONTROL NUMBER IDENTIFIER |
| control field |
Mx-PuUPA |
| 005 - DATE AND TIME OF LATEST TRANSACTION |
| control field |
20250521125759.0 |
| 008 - FIXED-LENGTH DATA ELEMENTS--GENERAL INFORMATION |
| fixed length control field |
140415s1981 sp # gr 000 0 spa d |
| 017 ## - COPYRIGHT OR LEGAL DEPOSIT NUMBER |
| Copyright or legal deposit number |
B. 13.128-1982 |
| 020 ## - INTERNATIONAL STANDARD BOOK NUMBER |
| International Standard Book Number |
8425412536 |
| 040 ## - CATALOGING SOURCE |
| Original cataloging agency |
Mx-PuUPA |
| Language of cataloging |
spa |
| Transcribing agency |
Mx-PuUPA |
| Modifying agency |
Mx-PuUPA |
| Description conventions |
rda |
| 041 1# - LANGUAGE CODE |
| Language code of text/sound track or separate title |
spa |
| Language code of original |
fre |
| 100 1# - MAIN ENTRY--PERSONAL NAME |
| Personal name |
Chaunu, Pierre, 1923-2009 |
| Relator term |
autor |
| 9 (RLIN) |
11671 |
| 240 13 - UNIFORM TITLE |
| Uniform title |
La mémoire et le sacré. |
| Language of a work |
Español. |
| 245 10 - TITLE STATEMENT |
| Title |
El pronóstico del futuro : |
| Remainder of title |
crisis de nuestro tiempo. La memoria y lo sagrado / |
| Statement of responsibility, etc. |
Pierre Chaunu ; versión castellana de J. López de Castro |
| 264 #1 - PRODUCTION, PUBLICATION, DISTRIBUTION, MANUFACTURE, AND COPYRIGHT NOTICE |
| Place of production, publication, distribution, manufacture |
Barcelona : |
| Name of producer, publisher, distributor, manufacturer |
Editorial Herder, |
| Date of production, publication, distribution, manufacture, or copyright notice |
©1981 |
| 300 ## - PHYSICAL DESCRIPTION |
| Extent |
322 páginas ; |
| Dimensions |
22 cm |
| 336 ## - CONTENT TYPE |
| Fuente |
rdacontent |
| Content type term |
texto |
| Content type code |
txt |
| 337 ## - MEDIA TYPE |
| Source |
rdamedia |
| Media type term |
sin medio |
| Media type code |
n |
| 338 ## - CARRIER TYPE |
| Source |
rdacarrier |
| Carrier type term |
volumen |
| Carrier type code |
nc |
| 650 #7 - SUBJECT ADDED ENTRY--TOPICAL TERM |
| Source of heading or term |
armarc |
| Topical term or geographic name entry element |
Civilización occidental |
| 650 #7 - SUBJECT ADDED ENTRY--TOPICAL TERM |
| Source of heading or term |
armarc |
| Topical term or geographic name entry element |
Civilización moderna |
| Chronological subdivision |
Siglo XX |
| 650 #7 - SUBJECT ADDED ENTRY--TOPICAL TERM |
| Source of heading or term |
armarc |
| Topical term or geographic name entry element |
Filosofía |
| General subdivision |
Historia |
| 650 #7 - SUBJECT ADDED ENTRY--TOPICAL TERM |
| Source of heading or term |
armarc |
| Topical term or geographic name entry element |
Antropología filosófica |
| 650 #7 - SUBJECT ADDED ENTRY--TOPICAL TERM |
| Source of heading or term |
armarc |
| Topical term or geographic name entry element |
Civilización |
| General subdivision |
Filosofía |
| 765 0# - ORIGINAL LANGUAGE ENTRY |
| Main entry heading |
Chaunu, Pierre, 1923 - 2009, |
| Title |
La mémoire et le sacré |
| Place, publisher, and date of publication |
París : Calmann-Lévy, 1978 |
| 942 ## - ADDED ENTRY ELEMENTS (KOHA) |
| Source of classification or shelving scheme |
Dewey Decimal Classification |
| Koha item type |
Libro |
| Classification part |
909.09821 |
| Item part |
C4218 |